| 000 | 00515nam a2200181Ia 4500 | ||
|---|---|---|---|
| 003 | OSt | ||
| 005 | 20220323110308.0 | ||
| 008 | 211109s9999||||xx |||||||||||||| ||und|| | ||
| 040 | _csbcl | ||
| 082 |
_a371 _bKAL-E |
||
| 100 | _aKalidasa, | ||
| 245 | 0 | _aAn Examination Guide to Kalidasa`s Malavikagnimitra | |
| 260 |
_bAmbika Brothers Publishers _aMadras _c1943 |
||
| 300 | _a115p. | ||
| 630 | _xGeneral Stack | ||
| 650 |
_aEducation _vSchools & their activities; special education _xSocial Science |
||
| 942 | _cBOOK | ||
| 999 |
_c12552 _d12552 |
||